Είκοσι χιλιάδες λεβέντες

Saved in:
Bibliographic Details
Main Author: Πυθαρούλης, Μανώλης (1915-1988)
Format: Book
Language:Greek
Published: Αθήνα : 1992
Subjects:
Tags: Add Tag
No Tags, Be the first to tag this record!

MARC

LEADER 00000nam a2200000 i 4500
001 1/66594
008 931021s gre d
035 |a ΛΕΣΒΟΣb10001753  |l 10001753 
040 |a GR-MY-UA  |b gre  |e aacr 
041 0 |a gre 
082 0 |a 331.88 
100 1 |a Πυθαρούλης, Μανώλης  |d (1915-1988) 
245 1 0 |a Είκοσι χιλιάδες λεβέντες /  |c Μανώλης Πυθαρούλης 
260 |a Αθήνα :   |c 1992 
300 |a 348 σ. 
650 0 0 |a Unionism. 
650 0 0 |a Union trade. 
852 |a INST  |b LESVOS  |e 19931021  |h 331.88 EIK  |p 005100004370  |q 005100004370  |t BK  |y 0 
909 |a Λ  |b 029965